| 000 -CABECERA |
| Campo de control de longitud fija |
00436nam a22001457a 4500 |
| 008 - CAMPO FIJO DE DESCRIPCIÓN FIJA--INFORMACIÓN GENERAL |
| Campo de control de longitud fija |
220201b ||||| |||| 00| 0 eng d |
| 020 ## - ISBN (INTERNATIONAL STANDARD BOOK NUMBER) |
| ISBN |
9788418952531 |
| 040 ## - FUENTE DE CATALOGACIÓN |
| Agencia de catalogación original |
CDMR |
| 100 ## - ENCABEZAMIENTO PRINCIPAL--NOMBRE PERSONAL |
| 9 (RLIN) |
4820 |
| Nombre de persona |
Bielsa-Gibaja, J.M. |
| 245 ## - MENCIÓN DE TÍTULO |
| Título |
Eso no estaba en mi libro de Historia del Periodismo / |
| Mención de responsabilidad, etc. |
J. M. Bielsa-Gibaja |
| 260 ## - PUBLICACIÓN, DISTRIBUCIÓN, ETC (PIE DE IMPRENTA) |
| Lugar de publicación, distribución, etc. |
Córdoba: |
| Nombre del editor, distribuidor, etc. |
Almuzara, |
| Fecha de publicación, distribución, etc. |
2021 |
| 300 ## - DESCRIPCIÓN FÍSICA |
| Extensión |
285 pàgines |
| 650 #0 - ASIENTO SECUNDARIO DE MATERIA--TÉRMINO DE MATERIA |
| 9 (RLIN) |
4187 |
| Nombre de materia o nombre geográfico como elemento de entrada |
Periodisme |
| Subdivisión general |
Anècdotes |
| 942 ## - ELEMENTOS KOHA |
| Fuente de clasificación o esquema de ordenación en estanterías |
|
| Koha tipo de item |
Monografies |